000
00284nam a2200121 a 4500
008
101025s1988|||| d
245
1
0
_a
Babylon, neviestka bohov
100
1
_a
Lundkvist, Artur
041
_a
slo
260
_b
Smena
_a
Bratislava
_c
1988
020
_c
22
044
_a
xo
_c
SK
999
_c
12151
_d
12151